000 01205cab a2200301 4500
001 X1049
008 090401t1993 xxu||||| |||| 00| 0 eng d
035 _a(Sirsi) u14417
041 _aeng
245 _aPenwith DC and Hitchens
260 _c1993
350 _a0
490 _aPlanning Appeal Decisions
_v(1993) 8 PAD 492-496(5)
520 _aInquiry 27 april 1993. Decision latter 8 June 1993. Twelve permanent (or holiday) houses - access road - sewage treatment plant - garage to serve former ticket office - part of closed railway station - coastal site - structure and local plans - whether site lay within village - Site of Special Scientific Interest - significant visual impact - urbanising effect - adequate housing land bank.
650 _aACCESS ROAD
650 _aHOLIDAY HOMES
650 _aHOUSING LAND BANK
650 _aPLANNING APPEAL
650 _aPPG20
650 _aRAILWAY STATIONS
650 _aSEWAGE TREATMENT PLANT
650 _aSITES OF SPECIAL SCIENTIFIC INTEREST
650 _aSITES OF SPECIAL SCIENTIFIC INTEREST
650 _aTOWN AND COUNTRY PLANNING ACT 1990 S78
690 _aPLANNING LAW AND PRACTICE-CASE LAW
942 _n0
948 _c04/03/1997
999 _c9391
_d9391